| 000 | 00474nam a2200157 4500 | ||
|---|---|---|---|
| 001 | 112125 | ||
| 003 | ES-MaACL | ||
| 005 | 20230906185439.0 | ||
| 007 | t| | ||
| 008 | 061121s1973 sp r ||||1| spa d | ||
| 100 | 1 |
_aNicolau, Miguel. _985582 |
|
| 245 | 1 | 0 |
_aNueva Pascua de la Nueva Alianza _b: actuales enfoques sobre la EucaristÃa / _cMiguel Nicolau, S. J. |
| 260 |
_aMadrid : _bStudium, _c1973. |
||
| 300 |
_a412 p. ; _c24 cm. |
||
| 852 |
_aES-MaACL _jC-55442 _bR.88103 |
||
| 999 |
_c112125 _d112125 |
||